00792nam a2200217 a 4500001001000000003000400010005001700014008004100031020001500072040002500087082001500112245013100127260002700258300002500285500003400310500007300344600003000417700003200447700004100479710005400520000005229OSt20200929151620.0090818s1998 sp 001 0 spa d a8400077636 aDO-SdBNPbspacBNPHU axxxxbI73n00aIsaac Newton :bel templo de Salomón /cedición y traducción Ciriaca Morano ; introdución José Manuel Sánchez Ron. aMadrid :bCSIC,c1998. acv, 140 p. ;c24 cm. aIncluye índice onomástico aIncluye referencias bibliográficas y notas al pie de las páginas14aNEWTON, ISAAC,d1642-17271 aMorano, Ciriaca.eed. y tr.1 aSánchez Ron, José Manuel,eintr.1 aConsejo Superior de Investigaciones Científicas